000 00485nam a2200145 4500
082 _aMS-CCS-4 YAQ
100 _aYaqoot Shakeel
_998861
245 _aClassification of encrypted Voip Traffic
260 _aIslamabad
_bNust School of Electrical Engineering and Computer Science
_c2013
300 _a55 p
_eCD-ROM
500 _aSupervisor;Dr.Nazar Abbas Saqib
700 _aYaqoot Shakeel
_998861
856 _uhttp://10.250.8.41:8080/xmlui/handle/123456789/30300
942 _cPR
_2ddc
999 _c12268
_d12268